Central Library OPAC University of Rajshahi

Bengal electoral politics and freedom struggle, 1862-1947 / (Record no. 58731)

MARC details
000 -LEADER
fixed length control field 00920nam a2200277 a 4500
001 - CONTROL NUMBER
control field 58731
003 - CONTROL NUMBER IDENTIFIER
rucl marc code BD-RjUL
005 - DATE AND TIME OF LATEST TRANSACTION
control field 20211209080643.0
008 - FIXED-LENGTH DATA ELEMENTS--GENERAL INFORMATION
fixed length control field 196121s1984 ii b 001 0 eng
020 ## - INTERNATIONAL STANDARD BOOK NUMBER
Terms of availability Rs85.00
035 ## - SYSTEM CONTROL NUMBER
System control number (BD-RjUL)58855
040 ## - CATALOGING SOURCE
Original cataloging agency DLC
Transcribing agency DLC
Modifying agency BD-RjUL
Language of cataloging eng
041 ## - LANGUAGE CODE
Language code of text/sound track or separate title eng
082 00 - DEWEY DECIMAL CLASSIFICATION NUMBER
Classification number 324.9541403
Edition number 23
Author mark and year CHB 1984
100 1# - MAIN ENTRY--PERSONAL NAME
Personal name Chattopadhyaya, Gautam.
9 (RLIN) 174582
245 10 - TITLE STATEMENT
Title Bengal electoral politics and freedom struggle, 1862-1947 /
Statement of responsibility, etc. Gautam Chattopadhyay.
260 ## - PUBLICATION, DISTRIBUTION, ETC. (IMPRINT)
Place of publication, distribution, etc. New Delhi :
Name of publisher, distributor, etc. Indian Council of Historical Research :
-- Sole distributor, People's Pub. House,
Date of publication, distribution, etc. 1984.
300 ## - PHYSICAL DESCRIPTION
Pagination x, 311 p. ;
Size 23 cm.
500 ## - GENERAL NOTE
General note Map on lining papers.
General note Includes index.
504 ## - BIBLIOGRAPHY, ETC. NOTE
Bibliography, etc Bibliography: p. [297]-302.
650 #0 - SUBJECT ADDED ENTRY--TOPICAL TERM
Topical term or geographic name as entry element Elections
Geographic subdivision India
-- Bengal.
9 (RLIN) 174583
651 #0 - SUBJECT ADDED ENTRY--GEOGRAPHIC NAME
Geographic name Bengal (India)
General subdivision Politics and government.
9 (RLIN) 174584
942 ## - ADDED ENTRY ELEMENTS (KOHA)
Source of classification or shelving scheme Dewey Decimal Classification
Koha item type Books
Holdings
Lost status Source of classification or shelving scheme Damaged status Not for loan Collection code Permanent Location Current Location Shelving location Date acquired Total Checkouts Full call number Date last seen Copy number Koha item type
  Dewey Decimal Classification   Not For Loan Non-fiction Central Library, University of Rajshahi Central Library, University of Rajshahi Reading Room 27/02/1986   324.9541403 CHB 1984 19/12/2016 C-1 Books